The long defeat : cultural trauma, memory, and identity in Japan /

Bibliographic Details
Main Author: Hashimoto, Akiko, 1952- (Author)
Format: Book
Language:English
Published: New York : Oxford University Press, 2015
Subjects:
Classic Catalogue: View this record in Classic Catalogue
LEADER 02178nam a2200397 i 4500
001 45815
003 BD-DhAAL
005 20260520182218.0
008 260520t2015 nyu b 001 0 eng
010 |a  2014039666 
020 |a 9780190239152 
020 |a 9780190239169 
035 |a 18406425 
040 |a DLC  |b eng  |c DLC  |e rda  |d DLC  |d BD-DhAAL 
042 |a pcc 
043 |a a-ja--- 
050 0 0 |a D744.7.J3  |b H37 2015 
082 0 0 |a 952.04  |2 23 
100 1 |a Hashimoto, Akiko,  |d 1952-  |e author.  |9 60947 
245 1 4 |a The long defeat :  |b cultural trauma, memory, and identity in Japan /  |c Akiko Hashimoto. 
246 3 |a The long defeat 
260 |a New York :  |b Oxford University Press,  |c 2015 
300 |a xii, 192 pages ;  |c 23 cm 
504 |a Includes bibliographical references (pages 163-178) and index. 
505 0 |a Acknowledgements -- Cultural memory in a fallen nation -- Repairing biographies and aligning family memories -- Defeat reconsidered : heroes, victims, & perpetrators in the popular media -- Pedagogies of war and peace : teaching World War II to children -- The moral recovery of defeated nations : a global-comparative look -- Notes -- Bibliography -- Index. 
526 8 |a AAL 
541 1 |a Donated by Embassy of Japan in Bangladesh, Read Japan Project 2025, The Tokyo Foundation, supported by The Nippon Foundation.  |e 45815 
650 0 |a World War, 1939-1945  |x Social aspects  |z Japan.  |9 60948 
650 0 |a Collective memory  |z Japan.  |9 60949 
650 0 |a Nationalism and collective memory  |z Japan.  |9 60950 
650 0 |a Group identity  |z Japan.  |9 60951 
650 0 |a National characteristics, Japanese.  |9 12713 
852 1 |a Ayesha Abed Library  |c General Stacks 
942 |2 ddc  |c BK 
999 |c 48006  |d 48006 
952 |0 0  |1 0  |2 ddc  |4 0  |6 952_040000000000000_HAS  |7 0  |9 79253  |a BRACUL  |b BRACUL  |d 2026-05-20  |e Donated by Embassy of Japan in Bangladesh, Read Japan Project 2025, The Tokyo Foundation, supported by The Nippon Foundation.  |l 0  |o 952.04 HAS  |p 3010045815  |r 2026-05-20  |t 1  |w 2026-05-20  |y BK  |x Donated copy received from Embassy of Japan in Bangladesh, Read Japan Project 2025, The Tokyo Foundation, supported by The Nippon Foundation on 08 April 2026; $35.48 Amazon.com